000
00331nam a2200133Ia 4500
008
230511s1964 xx 000 0 und d
041
_a
eng
082
_a
348.041
100
_a
Ratanlal Ranchodas
245
_a
Bombay Law Reporter
260
_a
Mumbai
_b
Bombay Law Reporter
_c
1964
300
_a
874
906
_a
High Court Cases
999
_c
346332
_d
346332